00779nam a2200205 a 450000100060000000300090000600800410001504000280005608200170008410000540010124500370015526000290019230000110022159000870023265000410031965000320036094200120039299900170040495201520042115923CO-ViMGA141112s2004 ck r 000 u spa d aCO-ViMGAbspacCO-ViMGA04a327.172 R61e1 aRoa Suarez, Hernando; Torrijos R., Vicente92284110a¿Es posible la paz en Colombia? aBogotá, cEsap, c1998 a210.p. aForma de adquisición : Donación Biblioteca Nacional 2003 - - Precio :  10.00014aPAZ - COLOMBIA - CONFERENCIAS92284214aVIOLENCIA - COLOMBIA917061 2ddccBK c25927d25927 00102ddc40708002aMEVIECARbMEVIECARd2015-12-04hVolumen. 1 | 11/jun/2009l0o327.172 R61e p15923r2015-12-04 00:00:00tEj. 1w2015-12-04yBK